A través de mi ventana / (Record no. 112508)

MARC details
000 -LEADER
campo de control de longitud fija 00529nam a2200157 4500
001 - NÚMERO DE CONTROL
campo de control 112508
003 - IDENTIFICADOR DE NÚMERO DE CONTROL
campo de control ES-MaACL
007 - CAMPO FIJO DE DESCRIPCIÓN FÍSICA--INFORMACIÓN GENERAL
campo de control de longitud fija t|
008 - DATOS DE LONGITUD FIJA--INFORMACIÓN GENERAL
campo de control de longitud fija 061121s1983 sp r ||||1| spa d
100 1# - ENTRADA PRINCIPAL--NOMBRE DE PERSONA
Nombre de persona Ortega Sastre, Amparo.
9 (RLIN) 87493
245 10 - MENCIÓN DEL TÍTULO
Título A través de mi ventana /
Mención de responsabilidad, etc. Amparo Ortega Sastre ; portada y dibujos Mª de la Vega Martínez Zapatero.
260 ## - PUBLICACIÓN, DISTRIBUCIÓN, ETC.
Lugar de publicación, distribución, etc. Burgos :
Nombre del editor, distribuidor, etc. Monte Carmelo,
Fecha de publicación, distribución, etc. 1983.
300 ## - DESCRIPCIÓN FÍSICA
Extensión 91 p. :
Otras características físicas il. ;
Dimensiones 21 cm.
700 1# - ENTRADA AGREGADA--NOMBRE PERSONAL
Nombre de persona Vega Martínez Zapatero, María de la.
9 (RLIN) 113616
852 ## - LOCALIZACIÓN
Ubicación ES-MaACL
Número de control de estantería L-5714
Sublocalización o colección R.105643
Holdings
Estatus retirado Estado de pérdida Estado de daño No para préstamo Biblioteca de origen Biblioteca actual Ubicación en estantería Fecha de adquisición Fuente de adquisición Total de préstamos Signatura topográfica completa Código de barras Visto por última vez Precio de reemplazo Tipo de ítem Koha
        Biblioteca del Ateneo de Madrid Biblioteca del Ateneo de Madrid Depósito 2 17/01/2008     L-5714 1117360 23/02/2023 23/02/2023 Libro impreso